000 00534nam a2200193Ia 4500
003 LDD
008 181029s9999 xx 000 0 und d
020 _a8172247494
_c150.00
040 _cLDD
100 _aAnand, Mulk Raj
245 0 _aGreatest short stories
_cMulk Raj Anand
260 _aMumbai
_bJaico Publishing
_c2006
300 _a247p.
365 _b150.00
901 _a4262
_b12-02-2008
902 _aI-1084
_b18-02-2008
_cF
_dAAKAR
_e42
903 _aDiscount-15
_bReqst by : Anju Sehgal Gupta
942 _2ddc
_cBK
999 _c79975
_d79975